PTV stations starting with 'M' - Statistics

General Stats
  • This quiz has been taken 10 times
  • The average score is 16 of 22
Answer Stats
Answer % Correct
Macaulay
100%
Malvern
100%
Melbourne Central
100%
Mentone
100%
Merinda Park
100%
Merlynston
100%
Mernda
100%
Merri
100%
Mordialloc
100%
Moreland
100%
Macleod
50%
McKinnon
50%
Middle Brighton
50%
Middle Footscray
50%
Middle Gorge
50%
Mitcham
50%
Moonee Ponds
50%
Moorabin
50%
Mooroolbark
50%
Mount Waverley
50%
Murrumbeena
50%
Montmorency
0%
No matching quizzes found
Score Distribution
Percent of People with Each Score
Percentile by Number Answered
Your Score History
You have not taken this quiz